000 00852cam a2200289 4500
008 090401t1988 xxu||||| |||| 00| 0 eng d
020 _a0854062491
035 _a(Sirsi) u39885
041 _aeng
050 _a331.2166
_c18
090 _aRICS 1988/10ABCD
110 _aRoyal Institution of Chartered Surveyors
_94900
245 _aProfessional charges for building surveying services
250 _aRev. ed.
260 _aLondon
_bSurveyors Publications
_c1988
300 _a13p.
_c21cm.
350 _a1.75
490 _aRICS Fee Scales
520 _aWithdrawn February 2000. Supersedes 1984 edition (D15838).
650 _aFEE SCALES
650 _aPROFESSIONAL CHARGES
650 _aPROFESSIONAL FEES
650 _aBUILDING SURVEYORS' FEES
690 _aBUILT ENVIRONMENT-BUILDING INSPECTION
942 _n0
948 _c04/03/1997
999 _c90839
_d90839